| 000 | 00820nam a2200217Ia 4500 | ||
|---|---|---|---|
| 999 |
_c39467 _d39467 |
||
| 001 | 6061 | ||
| 003 | GE_BSU | ||
| 005 | 20190920170447.0 | ||
| 008 | 181216s1970||||ge |||||||||||||| ||geo|| | ||
| 040 | _cGE_BSU | ||
| 041 | _ageo | ||
| 080 | _a821.353.1-1 ა-76 | ||
| 100 |
_aარაბული, მინდია _94199 |
||
| 245 |
_aლურჯი სანახები / _cმინდია არაბული ; რედ. დ. ციგროშვილი. |
||
| 264 |
_aთბილისი : _bსაბჭოთა საქართველო ; _c1970. |
||
| 300 |
_a89 გვ. ; _c15 სმ. |
||
| 653 | _aლურჯი სანახები | ||
| 653 | _aლექსები | ||
| 700 |
_aციგროშვილი, დ. _eრედაქტორი _94205 |
||
| 942 |
_cBK _2udc |
||